00566nam a2200181 a 450000100100000000500170001000800410002702000150006804000250008308200170010810000200012524501130014526000470025830000210030549000180032670000220034483000180036600004236020201002040114.0131127s1994 ag 000 0 spa d a9507300163 aDO-SdBNPbspacBNPHU axxxxxbxxxxx1 aDoman, Fabián14aLos Angeles de Charly :bsecretos y susurros de las mujeres en el poder /cFabián Doman, Martín Olivera. aArgentina :bEdiciones THbPlaneta,c1994. a279 p. ;c21 cm.1 aArgentina hoy1 aOlivera, Martín 0aArgentina hoy